Pod Tatry zavítal festival Jeden svet

Bibliographic Details
Main Author: Gromadová, Ľudmila (Author)
Format: Article
Language:Slovak
PhysicalDescription:Fotografie
ISSN:1210-2423
Subjects:

MARC

LEADER 00000nab a2200000 r4500
001 vtls011860360
003 SK-MaSNL
005 20260303094833.0
008 190408c20190312xo wr|p|||||||000 b|slo
015 |a SNBRB2019/04 
038 |a PPPK 
040 |a PPPKCL  |b slo  |e rda 
041 0 |a slo 
043 |a e-xo--- 
044 |a xo  |c SK 
072 7 |a 791  |x Film. Cirkus. Ľudová zábava  |2 konspekt 
080 |a 791.43  |2 2011 
080 |a 791.65.079  |2 2011 
100 1 |a Gromadová, Ľudmila  |4 aut  |9 1091030 
245 1 0 |a Pod Tatry zavítal festival Jeden svet  |c Ľudmila Gromadová ; Snímka: archív FJS 
300 |b Fotografie 
336 |a text  |b txt  |2 rdacontent 
337 |a bez média  |b n  |2 rdamedia 
338 |a zväzok  |b nc  |2 rdacarrier 
610 2 7 |a Dom kultúry (Poprad, Slovensko)  |2 pppkcl  |9 1033498 
611 2 7 |a Jeden svet  |n (19. :  |d 2019 :  |c Poprad, Slovensko)  |2 snkbucl  |9 1107560 
648 7 |a 12.-15.3.2019  |2 pppkcl  |9 1107561 
650 0 7 |a kultúra  |2 pppkcl  |9 886 
650 0 7 |a dokumentárne filmy  |2 pppkcl  |9 3400 
650 0 7 |a filmové festivaly a prehliadky  |2 pppkcl  |9 3405 
651 7 |a Poprad (Slovensko)  |2 pppkcl  |9 20155 
773 0 |t Podtatranské noviny  |g Roč. LX, č. 11 (12.3.2019), s. 4  |x 1210-2423 
852 |a PPPK  |b KIS3GCP 
999 |c 1822688  |d 1824618